Geboren in Rüsselsheim - Statistiken

Allgemein
  • Dieses Quiz wurde 34 mal gespielt
    12 seit der letzten Aktualisierung
  • Das Durchschnittsergebnis liegt bei 2 aus 7
Antwortstatistiken
Hinweis Antwort % Korrekt
Unternehmer und Gründer von Opel 1837 Adam Opel
75%
Rapper, "Baller los" "Hobby Hobby" 2000 Mero
67%
CDU-Politiker und Bundesarbeitsminister von 1982 bis 1998 1935 Norbert Blüm
25%
Judoka und Silbermedaillensieger bei den olympischen Spielen 2020 1997 Eduard Trippel
8%
SPD-Politikerin, Vorsitzende der hessischen SPD von 2003 bis 2009 und Spitzenkandidatin bei der hessischen Landtagswahl 2008 1957 Andrea Ypsilanti
0%
Chefredakteur des Fernsehsenders SWR und Moderator von "Report Mainz" 1958 Fritz Frey
0%
deutsch-britischer Physiker, Beteiligter am Manhattan-Projekt und sowjetischer Spion 1911 Klaus Fuchs
0%
Keine übereinstimmenden Quizze gefunden
Verteilung der Resultate
Anzahl Personen mit jedem Resultat
Perzentil nach korrekt beantworteten Fragen
Ihre Resultats-Entwicklung
Sie haben dieses Quiz seit der letzten Aktualisierung nicht gespielt